MDQL
is popping MORE tags! Check the
thread
!
Quizzes
Events
Quiz Creation
Community
Videos
Private Events
Remove Ads
Sign In
Join for FREE
Feedback
Dark Mode
Quiz Categories
Sports
Geography
Music
Movies
Television
Just For Fun
Miscellaneous
History
Literature
Language
Science
Gaming
Entertainment
Religion
Holiday
For Kids
Quiz Lab
Recent
Popular Today
Quiz Kudos Today
Editor Picks
Curator Picks
Quizzes by...
Day
Popularity
Type
Ratings
Length
Year
Community
Subscriptions
Recent Discussions
Orange Saloon
Badges
Playlists
Quests
Create
Leaderboards
Showdown
Live 5
Trivia Bingo
Activity
Puzzle Library
Sporcle Events
Private Events
Virtual Trivia
Globe League
Become a Host
Pub Owners
SporcleCon
Opinionation
Our Games
Videos
Blog
Mobile Apps
Partnerships
Remove Ads and Go Orange
Feedback
Movies
Disney
Marvel Cinematic Universe
Movie Resume
Movie Titles
Oscar
Actor
Actress
Director
Pixar
Role
Movie Quotes
Movie Characters
Box Office
Nominee
Best Picture
Star Wars
James Bond
Horror Movies
Movies
Disney
Marvel Cinematic Universe
Movie Resume
Movie Titles
Oscar
Actor
Actress
Director
Pixar
Role
Movie Quotes
Movie Characters
Box Office
Nominee
Best Picture
Star Wars
James Bond
Horror Movies
Random Quiz
Search Sporcle
×
Quiz Lab
Quiz Lab
Movies
Movie Characters
Type answers based on single images at one time
Type answers based on single images at one time
Slideshow
Best Score? Go Orange.
Who Are They Looking At? II (Slideshow) Stats
Can you name the cropped out actor that each character is looking at?
By
BigAl1994
8m
25 Questions
241 Plays
241 Plays
241 Plays
Comments
Comments
Give Quiz Kudos
Give Quiz Kudos
-
- Ratings
hide this ad
Replay
Link that replays current quiz
Next Quiz
Link to next quiz in quiz playlist
You Got
0%
They Got
Avg Score
75%
Avg Friend Score
Upgrade to see
Score Distribution
Jump to the score distribution portion of the page
Score
0/25
Timer
08:00
0
Plays Today
% Correct
Mike Myers (Shrek)
94.2%
Richard Gere (Pretty Woman)
93.4%
Tom Cruise (Top Gun)
90.5%
Jake Gyllenhaal (Brokeback Mountain)
90%
Colin Firth (The King's Speech)
88.4%
Russell Crowe (Gladiator)
88.4%
Will Smith (Bad Boys)
86.7%
Michael Cera (Juno)
86.3%
Jim Carrey (Eternal Sunshine of the Spotless Mind)
85.1%
Simon Pegg (Hot Fuzz)
84.6%
Christian Bale (Batman Begins)
83.4%
Billy Crystal (Monsters Inc.)
81.3%
Dustin Hoffman (Rain Man)
81.3%
% Correct
Joe Pesci (Goodfellas)
81.3%
Nicole Kidman (Moulin Rogue!)
78.4%
Justin Timberlake (Friends With Benefits)
77.6%
Tom Hardy (Mad Max: Fury Road)
74.3%
Patric Swayze (Point Break)
71%
Edward Norton (Birdman Or: (The Unexpected Virtue of Ignorance))
70.5%
Zoe Saldana (Guardians of the Galaxy)
69.3%
Matt Damon (The Departed)
67.2%
Leonardo DiCaprio (Inception)
63.1%
Emma Stone (Easy A)
38.6%
Patrick Stewart (X-Men: Days of Future Past)
37.3%
Robert Downey Jr. (Sherlock Holmes: A Game of Shadows)
31.1%
Quiz Playlist
Details
Report
Send in Message
Add To Playlist
Slideshow:
Type answers based on single images at one time
Last Updated: Oct 7, 2019
Quiz Scoreboard
CHALLENGE
Sign Up to Join the Scoreboard
Show All
Scores
Hide
Comments
May contain spoilers
Recently Published
Find the 'City' Movie
by crazypaving
Movies
60s
5x2 Blitz: Bands
by SL_Kpop136
Music
30s
Colored Red Africa Blitz
by spor1
Geography
30s
More to Explore
Quiz From the Vault
Featured Blog Post
14 Easter Pick-up Lines to Find Eggs With
hide this ad
You Might Also Like...
Tags
Movie Characters Quiz
Lead Actor
Movie Couples
Movie Moments
Movie Stars
Supporting Actor
Today's Top Quizzes in Movies
Browse Movies
hide this ad
Today's Top Quizzes in Movie Characters
Browse Movie Characters
Top Contributed Quizzes in Movies
1
Find The 'Big' Movie
2
Find The 'Blue' Movie
3
Find The 'Wild' Movie
4
Movies By Plot
5
Hidden Star Wars Character II
6
Pick 5 Posters: Directed by Spielberg
7
Hidden Star Wars Character III
8
Hidden Star Wars Character IV
9
25 Best Actor Nominees (1990s)
10
Alfred Hitchcock Movies by Plot
Explore More
Trending Topics
Harry Potter
Kpop
NBA
Anime
Disney
Crossword
Marvel
Country
The Office
Song
Soccer
WWE
Pokémon
NFL
Puzzle
hide this ad
More By:
BigAl1994
Quiz
Plays
Rating
Category
Featured
Created
5 Scenes, 1 Actor
140,429
4.78
Movies
Apr 11, 2016
What Movie Is THAT From?
117,375
4.21
Movies
Mar 17, 2015
TV Side Characters: 10 to 1
108,708
4.19
Television
May 5, 2015
8 Scenes, 1 Movie!
98,541
4.72
Movies
Apr 13, 2016
TV Show Locations: 10 to 1
85,440
4.50
Television
May 15, 2015
Go to Creator's Profile
Score Distribution
Quiz Creator Spotlight
BigAl1994
Follow
Send a Message
Quizzes Created
-
Created Quiz Play Count
-
More By This Creator
Popular Quizzes Today
1
Colored Red Africa Blitz
2
Find the 'City' Movie
3
Find the US States - No Outlines Minefield
4
5x2 Blitz: Bands
5
The Countries of the World
6
Find the US States
7
Find the Countries of Europe - No Outlines Minefield
8
US States
More Movies Quizzes
Missing Word: 100 T Words in Movie Titles
Quiz Lab
Trending Quizzes
Colored Red Europe Blitz I
Colored Red Europe Blitz II
Colored Red Africa Blitz II
Colored Red Europe Blitz III
Colored Red Africa Blitz III
Recently Updated
How Do You Spell That?
pecheneg
Godzilla Movies
pecheneg
Grab Bag: 4-10 Letters
pecheneg
2024 March Madness Bracket
pecheneg
Famous TV Couples
Peacemaker
Champions League XIs: Real Madrid
pecheneg
Largest US Cities 1790-2010
pecheneg
Rides in Walt Disney World
pecheneg
Most Oscar Losses (Acting)
pecheneg
Beyoncé Albums
pecheneg
Trending Topics
Anime
Disney
Kpop
NBA
Crossword
Harry Potter
Marvel
WWE
Song
Puzzle
The Office
Country
NFL
Soccer
Pokémon
Your Account Isn't Verified!
In order to create a playlist on Sporcle, you need to verify the email address you used during registration. Go to your
Sporcle Settings
to finish the process.
Report this User
Report this user for behavior that violates our
Community Guidelines
.
Details:
Send Report
Go to the Sporcle.com Mobile Site →
Comments